| 000 | 00531nam a2200181Ia 4500 | ||
|---|---|---|---|
| 999 |
_c28356 _d28356 |
||
| 003 | OSt | ||
| 005 | 20210407113559.0 | ||
| 008 | 190216s9999||||xx |||||||||||||| ||und|| | ||
| 020 | _a9788130000367 | ||
| 040 | _coclc | ||
| 082 |
_a894.8123 _bPIL/P |
||
| 100 |
_aPillai, Thakazhi Shivashankara _9418 |
||
| 245 | 0 |
_aPennu / _cThakazhi Shivashankara Pillai |
|
| 260 |
_bPoorna Publications, _aKozhikode: _c2011. |
||
| 300 | _a96p | ||
| 650 | _aMalayalam | ||
| 942 |
_cBK _2ddc _h894.8123 _iPIL/P _k894.8123 _mPIL/P |
||